000 00533nam a2200229Ia 4500
005 20250425162653.0
008 250425s9999 xx 000 0 und d
020 _a9331028758
041 _aeng
043 _afr
082 _a060
100 _aSASSON, ALBERT
245 0 _aBIOTECHNOLOGIES IN DEVELOPING COUNTRIES: PRESENT AND FUTURE
250 _aS.E
260 _aFrancia
_bUNESCO
_c1998
260 _aPARIS
300 _a764
650 _aBIOTECNOLOGIA
650 _aBIOTECNOLOGIA
942 _c01
010 _a95511
999 _c234035
_d234035